Dr.N Davies (Record no. 562102)

000 -LEADER
fixed length control field 00400nam a2200157Ia 4500
008 - FIXED-LENGTH DATA ELEMENTS--GENERAL INFORMATION
fixed length control field 210430s9999 xx 000 0 und d
020 ## - INTERNATIONAL STANDARD BOOK NUMBER
International Standard Book Number 8/4/11
082 ## - DEWEY DECIMAL CLASSIFICATION NUMBER
Classification number 662.2 D245 P
245 ## - TITLE STATEMENT
Title Dr.N Davies
250 ## - EDITION STATEMENT
Edition statement A-6
260 ## - PUBLICATION, DISTRIBUTION, ETC.
Place of publication, distribution, etc. Cranfield
300 ## - PHYSICAL DESCRIPTION
Extent Pyrotechnics Hand book
650 ## - SUBJECT ADDED ENTRY--TOPICAL TERM
Topical term or geographic name entry element The Ammunatoons Systems &Explosive technology Department
9 (RLIN) 52699
856 ## - ELECTRONIC LOCATION AND ACCESS
Uniform Resource Identifier <a href="BK">BK</a>
942 ## - ADDED ENTRY ELEMENTS (KOHA)
Koha item type
Source of classification or shelving scheme
Holdings
Withdrawn status Lost status Damaged status Not for loan Permanent Location Current Location Shelving location Date acquired Total Checkouts Full call number Barcode Date last seen Price effective from Koha item type
        School of Chemical & Materials Engineering (SCME) School of Chemical & Materials Engineering (SCME)   04/30/2021   662.2 D245 P SCME-963 02/18/2026 04/30/2021 Book
© 2023 Central Library, National University of Sciences and Technology. All Rights Reserved.